| 000 | 00964nmc a2200373 a 4500 | ||
|---|---|---|---|
| 003 | AR-BaBNM | ||
| 005 | 20251128205342.0 | ||
| 008 | 177019s1988 ||||||||||||||000 | spa|| | ||
| 020 | _a84-207-3130-7 | ||
| 040 | _cAR-BaBNM | ||
| 100 | 1 | _aArmillas Vicente, José A. | |
| 245 | 1 | 0 |
_aLa España ilustrada _b[siglo XVIII] |
| 250 | _a1ª ed. | ||
| 260 |
_aMadrid _bAnaya _c1988 |
||
| 300 | 0 |
_a128 p. _bil., láms. |
|
| 490 | 0 |
_aBiblioteca iberoamericana _vv. 58 |
|
| 504 | _aBibliografía para consultar p. 125. | ||
| 600 | 0 | 4 | _aFelipe |
| 600 | 0 | 4 | _aFernando |
| 600 | 0 | 4 |
_aCarlos _d1716-1788 |
| 650 | 4 | _aHISTORIA ECONOMICA | |
| 650 | 4 | _aHISTORIA DEL ARTE | |
| 650 | 4 | _aCIENCIA | |
| 650 | 4 | _aTECNICA | |
| 650 | 4 | _aREFORMA | |
| 650 | 4 | _aPROGRESO | |
| 650 | 4 | _aMODERNIZACION | |
| 650 | 4 | _aSIGLO DIECIOCHO | |
| 651 | 4 | _aEspaña | |
| 700 | 1 | _aSolano Camón, Enrique | |
| 800 | 1 |
_aRoche, Antonio _edirector |
|
| 942 | _cBK | ||
| 998 | _cmariana | ||
| 999 |
_c11054 _d11054 |
||